000 00434nam a22001577a 4500
005 20251126103312.0
008 251126b |||||||| |||| 00| 0 eng d
020 _a9780590252348
_qpbk
041 _aeng
082 _a823.0083
_bALB
100 _aAlberts, Nancy
245 _aSecond-Grade Star
_cby Nancy Alberts Illustrations by Fredericka Ribes
260 _aNew York
_bScholastic Inc
_c1996
300 _a100p.
942 _cENGLISH
999 _c598868
_d598868